Datum a čas kvízu

38.5 Celkem bodů Celkový počet nahraných bodů na tomto kvízu bez doplňovacích otázek.
5. Pořadí na kvízu Konečné umístění týmu na tomto kvízu.

Zaznamenané odpovědi

# Otázka Odpověď Body Výsledky
1. Jak se jmenuje funkcionář, jem... Josef Středula 1
2. Na mezinárodní vesmírnou stani... americká (3 členové), ruská (1 člen) 1
3. V sobotu večer se v pražském R... Simona Peková, Přišla v noci 0.5
4. Od středy minulého týdne je za... HHC 1
5. Do kterého týmu minulý týden v... Vegas Golden Knights 0
6. Začneme prvním českým králem p... Přemysl Otakar II., 1278 1
7. Další „slavnou“ prohrou, která... stoletá válka 1
8. Za naši slavnou prohru lze ozn... D 0
9. Bitva na Bílé hoře v roce 1620... D) 2 hodiny 0
10. Mnichovská dohoda je typickým... appeasement 1